La relacin̤ de causalidad Anl̀isis de su relevancia en la responsabilidad civil y penal /

Detalles Bibliográficos
Autor principal: Vargas Pinto, Tatiana
Formato: eBook
Lenguaje:español
Publicado: Santiago de Chile: Universidad de los Andes (Chile), 2008
Materias:
Acceso en línea:Acceso restringido

MARC

LEADER 00000nam a22000007a 4500
005 20190418004111.0
007 cr|||| ||||
008 190418s2008 cl |||||s|||| 00||0 spa d
020 |a 978-956-7160-49-5 
035 |a 21289 
040 |a vLex 
090 |c 8656  |d 8656 
100 1 |a Vargas Pinto, Tatiana 
245 1 2 |a La relacin̤ de causalidad  |h [Recurso electrn̤ico] :  |b Anl̀isis de su relevancia en la responsabilidad civil y penal /  |c Tatiana Vargas Pinto 
256 |a Servicio en ln̕ea 
260 |a Santiago de Chile:  |b Universidad de los Andes (Chile),  |c 2008 
300 |a 1 recurso electrn̤ico 
506 1 |a Disponible solo en los productos indicados  |d vLex Global  |d vLex Global (Academic Edition, excluding Law Schools)  |d vLex Global (U.S. Academic Edition, Law Schools)  |d vLex Global (U.S. Academic Edition, excluding Law Schools)  |d vLex Global (Academic Edition, Law Schools) 
650 0 4 |a Derecho Civil  |z Chile 
650 0 4 |a Derecho Penal  |z Chile 
740 0 |a vLex Libros (Servicio en ln̕ea) 
856 4 0 |u http://vlex.com/source/relacion-de-causalidad-analisis-de-su-relevancia-en-la-responsabilidad-civil-y-penal-21289  |z Acceso restringido 
942 |c BOOK 
999 0 |a Civil Law 
999 0 |a Criminal Law